Ovplyvňovanie výberu lekára špecialistu pomocou word of mouth marketingu
Marketingová komunikácia ako spôsob efektívneho získavania zákazníkov. Prvky marketingového mixu. Ciele marketingovej komunikácie. Nové trendy v marketingovej komunikácii. Word of mouth marketing pri výbere lekára špecialistu. Poskytovanie zdravotnej starostlivosti v SR a právo pacienta na výber oše...
Salvato in:
| Autore principale: | |
|---|---|
| Natura: | Capitolo di libro |
| Lingua: | slovacco |
| Soggetti: | |
| Tags: |
Nessun Tag, puoi essere il primo ad aggiungerne!!
|
MARC
| LEADER | 00000nla a2200000 4500 | ||
|---|---|---|---|
| 001 | 0237878 | ||
| 005 | 20240502073839.9 | ||
| 041 | 0 | |a slo | |
| 044 | |a SK | ||
| 245 | 1 | 0 | |a Ovplyvňovanie výberu lekára špecialistu pomocou word of mouth marketingu |c Katarína Petrovčíková |
| 520 | |a Marketingová komunikácia ako spôsob efektívneho získavania zákazníkov. Prvky marketingového mixu. Ciele marketingovej komunikácie. Nové trendy v marketingovej komunikácii. Word of mouth marketing pri výbere lekára špecialistu. Poskytovanie zdravotnej starostlivosti v SR a právo pacienta na výber ošetrujúceho lekára. | ||
| 610 | 2 | 0 | |a marketing mix |
| 610 | 2 | 0 | |a komunikácia marketingová |
| 610 | 2 | 0 | |a spotrebitelia |
| 610 | 2 | 0 | |a produkty |
| 610 | 2 | 0 | |a služby zdravotnícke |
| 610 | 2 | 0 | |a zdravotníctvo |
| 610 | 2 | 0 | |a lekári |
| 610 | 2 | 0 | |a legislatíva |
| 610 | 2 | 0 | |a Slovensko |
| 100 | 1 | |a Petrovčiková, Katarína, 1977- | |